Chile, ¿país solidario?: discurso de los adolescentes escolares chilenos acerca de la solidaridad

Uloženo v:
Podrobná bibliografie
Hlavní autor: Romeo Cardone, Julia (autora)
Další autoři: Llaña Mena, Mónica (autora)
Médium: Kniha
Jazyk:španělština
Vydáno: Santiago Universidad de Chile 2005
Edice:Programa DAECH
Témata:
Tagy: Přidat tag
Žádné tagy, Buďte první, kdo vytvoří štítek k tomuto záznamu!

MARC

LEADER 00000nam a2200000 a 4500
001 UCG1871
003 CL-VaPUC
008 100531e20050000CL |||||||||||||||||spa|d
082 0 4 |a 370.114  |b ROM  |2 21 
100 |a Romeo Cardone, Julia  |e autora  |9 549967 
700 |a Llaña Mena, Mónica  |e autora  |9 560824 
245 1 0 |a Chile, ¿país solidario?: discurso de los adolescentes escolares chilenos acerca de la solidaridad 
300 |a 193 p 
942 |c BK 
945 |d 20100531 00:00:00  |a rbrito 
260 |a Santiago  |b Universidad de Chile  |c 2005 
650 0 |a Solidaridad  |9 259208 
650 0 |a Valores morales   |9 310604 
650 0 |a Educación moral  |9 308319 
650 0 |a Participación social  |9 256140 
583 |a last modification  |c 20100531 00:00:00  |k Rodrigo Vera 
490 0 |a Programa DAECH 
999 |c 341129  |d 341127 
952 |0 0  |1 0  |4 0  |6 370_114000000000000_ROM_2005  |7 0  |8 A  |9 436411  |a BIBEDU  |b BIBEDU  |d 2019-11-22  |i 4675401  |l 3  |o 370.114 ROM 2005  |p 4675401  |r 2022-05-12  |s 2022-05-12  |w 2019-11-22  |y BK  |k EPE